Hiszpańskie czasowniki (polski) #2 - Statystyki

Ogólne statystyki
  • Ten quiz został rozwiązany 35 razy
  • Średni wynik to 9 z 20
Statystyki odpowiedzi
Hint Odpowiedź % Poprawnych
biegać correr
90%
szukać buscar
80%
brać prysznic duchar
70%
widzieć ver
70%
móc poder
60%
sprzedawać vender
60%
prowadzić conducir
50%
znaleźć, spotkać encontrar
50%
wygrać, zarabiać ganar
50%
słyszeć oir
50%
płacić pagar
50%
przybyć llegar
40%
stracić perder
40%
śmiać się reir
40%
wyjaśniać explicar
30%
otrzymywać recibir
30%
spacerować andar
20%
zniżyć, wysiąść bajar
20%
wydawać się parecer
20%
zostawać, umawiać quedar
10%
Nie znaleziono quizów pasujących do podanych kryteriów
Rozkład punktacji
Procent ludzi z każdym wynikiem
Percentyl według liczby udzielonych odpowiedzi
Twoja historia wyników
Nie rozwiązałeś tego quizu